000
00226nam a22000977a 4500
999
_c
263568
_d
263567
020
_a
0766612104
100
_a
Jack London
245
_a
White Fang
260
_a
New York
_b
Atheneum Books for Young Readers
_c
2000.
942
_c
BK